| 000 | 01035nac a22002897a 4500 | ||
|---|---|---|---|
| 001 | BR7902861 | ||
| 003 | BR-BrBNA | ||
| 005 | 20240105114431.0 | ||
| 008 | 230509b bl.|||m| |||| 00| 0 por d | ||
| 040 |
_aBR-BrBNA _bpor _cBiblioteca Nacional de Agricultura |
||
| 072 | _aF00; F40 | ||
| 090 | _a0150 BR7902861 | ||
| 100 | 1 | _aOliveira, A.B. de | |
| 100 | 1 | _aAmorim Neto, S. | |
| 100 | 1 | _aFernandes, G.M.B. | |
| 110 | 1 | _aEmpresa de Pesquisa Agropecuaria do Estado do Rio de Janeiro, Niteroi (Brasil) | |
| 245 | 1 | _aEfeitos de epocas de semeadura no comportamento de cultivares de arroz nas condicoes do Norte Fluminense [Oryza sativa] | |
| 260 | 3 |
_aNiteroi, RJ (Brasil): _c1979. |
|
| 300 | _a5 p. | ||
| 490 |
_aComunicado Tecnico - Empresa de Pesquisa Agropecuaria do Estado do Rio de Janeiro (Brazil) _vno. 26 _xISSN 0100-896X |
||
| 650 | _aARROZ | ||
| 650 | _aSEMEADURA | ||
| 650 | _aCOMPORTAMENTO DE VARIEDADE | ||
| 650 | _aRIO DE JANEIRO | ||
| 909 |
_a202312 _bLúcia Elande _c55 _dLúcia Elande |
||
| 942 |
_2AGRIS _n0 _cMS |
||
| 999 |
_c269325 _d269325 |
||